| 000 | 00536nam a22001817a 4500 | ||
|---|---|---|---|
| 003 | OSt | ||
| 008 | 210914b ||||| |||| 00| 0 eng d | ||
| 020 | _a9789385516160 | ||
| 082 |
_a630.285 _bSHA/CO |
||
| 100 |
_aSharma, Manish Kumar _95018 |
||
| 100 |
_aAnil Bhat _95015 |
||
| 100 |
_aBhat, M Iqbal Jeelani _95020 |
||
| 245 |
_aComputers In Agriculture _bFundamentals And Applications |
||
| 260 |
_aNew Delhi _bNew India Publishing Agency _c2017 |
||
| 300 | _a191 pages | ||
| 650 |
_aAgriculture Data Precessing _95017 |
||
| 942 | _cBK | ||
| 999 |
_c17417 _d17417 |
||